Coupes du monde de Football: Equateur - Statistiques

Statistiques générales
  • Ce quiz a été pris 89 fois
    52 depuis la dernière actualisation
  • Le résultat moyen est 10 sur 13
Statistiques - réponses
Réponse % Correct
France
98%
Allemagne
96%
Angleterre
89%
Suisse
89%
Italie
84%
Qatar
84%
Pays-Bas
82%
Honduras
80%
Sénégal
80%
Mexique
62%
Pologne
60%
Costa Rica
53%
Croatie
49%
Aucun quiz correspondant
Distribution des résultats
% des personnes avec chaque résultat
Percentile par nombre de réponses
Votre historique - résultats
Vous n’avez pas pris ce quiz depuis la dernière actualisation